| 000 | 00640nam a2200205 a 4500 | ||
|---|---|---|---|
| 005 | 20210223123604.0 | ||
| 008 | 991125s1976 mx 000 0 spa u | ||
| 020 | _a8437500885 | ||
| 035 | _aUPN01000056209 | ||
| 049 | _aCG | ||
| 050 | 4 |
_aB840 _bT4.68 |
|
| 245 | 0 | 3 |
_aLa teoría del significado / _cIsaiah Berlin ... [et al.] ; ed. por G. H. R. Parkinson. |
| 260 |
_aMéxico : _bFCE, _c1976. |
||
| 300 | _a275 p. | ||
| 440 | 0 |
_aBreviarios del Fondo de Cultura Económica ; _v258 |
|
| 650 | 4 |
_aSEMANTICA (FILOSOFIA) _911673 |
|
| 700 | 1 |
_aBerlin, Isaiah, _d1909-1997 _ecoaut. _933361 |
|
| 700 | 1 |
_aParkinson, G. H. R., _eed. |
|
| 905 | _aLibro | ||
| 999 |
_c56209 _d56209 |
||